000 00836cab a2200265 4500
001 ABS57263
008 090401t1997 xxu||||| |||| 00| 0 eng d
035 _a(Sirsi) u79841
041 _aeng
100 _aSeidl, A.
245 _aIn long-term care
260 _c1997
350 _a0
490 _aEstates Gazette
_v(9729) 19 July 1997, 60-61(2)
520 _aReports on NHS Estates` successful new strategy for disposing of redundant health sector property which includes redeveloping the site before selling to the private sector.
650 _aDISPOSAL PROGRAMME
650 _aHEALTH SECTOR
650 _aHOSPITALS
650 _aNHS ESTATES
650 _aREDUNDANT BUILDINGS
650 _aSURPLUS PROPERTY
690 _aPROPERTY-COMMERCIAL PROPERTY-COMMERCIAL PROPERTY MARKET
942 _n0
948 _c24/07/1997
999 _c50236
_d50236